Você Consegue Acertar quais Países tem a letra ''V'' no seu nome? - Statistics

Estatísticas Gerais
  • Esse quiz foi jogado 83 vezes
    17 desde o último reset
  • A pontuação média é 10 de 19
Estatísticas das Respostas
Continente Países % Correto
Europa Vaticano
94%
Américas Venezuela
88%
Ásia Vietnã
82%
Oceania Vanuatu
76%
Europa Eslováquia
65%
Europa Eslovênia
65%
Américas Bolívia
53%
Oceania Nova Zelândia
53%
Oceania Papua Nova Guiné
53%
Europa Sérvia
53%
Oceania Tuvalu
53%
Europa Moldávia
47%
Europa Kosovo
41%
Américas São Cristóvão e Névis
41%
Américas São Vicente e Granadinas
41%
Europa Bósnia e Hezergovina
35%
Américas El Salvador
35%
África Cabo Verde
24%
África Maldivas
12%
Nenhum quiz correspondente encontrado
Distribuição das Pontuações
Porcentagem de Pessoas com Cada Pontuação
Percentil de Números Respondidos
Sua Pontuação Histórica
Você não jogou esse quiz desde o último reset